000 00766nam a2200265 i 4500
001 C2-0148396
003 PPAK
005 20180727131550.0
008 980322s1982 enka|||| ||||| | eng d
040 _aPPAK
_beng
_cPPAK
_erda
082 0 4 _a591.90945
_223
090 0 0 _a591.90945
_bCOL
_dR
100 1 _aColombo, Federica,
_eauthor
245 1 0 _aanimals of the grasslands
264 1 _aLondon :
_bBurke Books ,
_c1982
300 _a84 pages :
_bcolour illustrations ;
_c27 cm
336 _2rdacontent
_atext
337 _2rdamedia
_aunmediated
338 _2rdacarrier
_avolume
490 1 _aanimals and their environment
650 1 0 _aPrairie fauna - Juvenile literature
700 _eauthor
830 0 _aanimals and their environment
942 _ddc
_cB
999 _c46991
_d46991